00951nas a2200241Ia 4500001001100000003000900011008004100020040001300061040001300074041001300087100003800100210001100138222001100149245006300160250001100223260002800234501008600262300001100348310001600359362003500375500026000410650003900670R702/49173IT-RoPAU151124c99999999xx |||||||||||| ||und|| aIT-RoPAU cIT-RoPAU aFRANCESE aAA.VV. gCodice Aut. SPICS: 12000 aDEGRES aDegres aDEGRES, N.005 (GENNAIO 1974)bDegres, N.005 (Gennaio 1974) a1a ed. aBRUXELLESbDEGRESc1974 bPaulus - SPICS - Società San Paolo EM (non-commercial uses only)cCopyright2015 a134 p. aTRIMESTRALE aANNO 002, N.005 (GENNAIO 1974) aRivista di Sintesi a Orientamento Semiologico. Dossier su Forma e Transazione. Recensioni dei Libri: Jean Ricardou: le Nouveau Roman, la Dynamique Theatrale D'Eugene Ionesco De Paul Vernois, Les Langages De Parry: Essai De Semiotique Litteraire De Michel  aSEMIOTICAvPUBBLICAZIONE PERIODICA